| 000 | 02085cam a22003854i 4500 | ||
|---|---|---|---|
| 003 | PE-LiUPU | ||
| 005 | 20250812151958.0 | ||
| 008 | 199601s1975 miua rb 001 0 eng d | ||
| 020 | _a0801028388 | ||
| 035 | _aPE-LiUPU42194 | ||
| 040 |
_aPE-LiUPU _beng _cPE-LiUPU _erda |
||
| 082 | 0 | 4 |
_a222.11 _bD262p _219 |
| 100 |
_aDavis, John J., _eautor. _96534 |
||
| 245 | 1 | 0 |
_aParadise to prison : _bstudies in Genesis / _cJohn J. Davis. |
| 250 | _aFifteenth printing. | ||
| 264 | 1 |
_aGrand Rapids, Michigan : _bBaker Book House, _c1996. |
|
| 300 |
_a363 páginas : _bilustraciones, mapas ; _c24 cm |
||
| 336 |
_atext _2rdacontent |
||
| 337 |
_aunmediated _2rdamedia |
||
| 338 |
_avolume _2rdacarrier |
||
| 500 | _aOriginalmente publicado en 1975 por Baker Books. | ||
| 500 | _aIncluye más de cuarenta cuadros, mapas, dibujos y fotografías. | ||
| 504 | _aIncluye bibliografía (páginas 305-340) e índice. | ||
| 505 | 0 | _aIntroduction to Genesis -- The origin of the universe (1:1-5) -- Days or ages? (1:5) -- When life began (1:6-25) -- The first man (1:26-2:25) -- Temptation and fall (3:1-24) -- The beginning of civilization (4,5) -- The degeneration of man (6:1-13) -- The great flood (6:14-9:29) -- The earth’s population (10,11) -- The journeys of Abraham (12-14) -- Covenant renewal (15-17) -- The destruction of Sodom (18,19) -- Life and death (20-23) -- The last days of Abraham (24-27) -- The adventures of Jacob (28-36) -- From a pit to a palace (37-45) -- The last days of Jacob (46-50). | |
| 520 | _aComentario exegético y teológico sobre el libro de Génesis, escrito desde una perspectiva evangélica conservadora, con análisis histórico y arqueológico. | ||
| 600 | 0 |
_aAbraham, _cPatriarca bíblico. _96535 |
|
| 630 | 0 | 0 |
_aBible. _pGenesis _xCommentaries. |
| 650 | 1 | 4 |
_aBiblia. Antiguo Testamento. _xCrítica e interpretación. |
| 650 | 1 | 4 | _aCreación (Teología) |
| 650 | 1 | 4 | _aPatriarcas bíblicos. |
| 700 |
_aDavis, John J., _eautor. _96534 |
||
| 942 |
_2ddc _cBK |
||
| 980 |
_821515 _gROMINA COBOS Adquisiciones |
||
| 999 |
_c59886 _d59886 |
||